000 00625nam a22001337a 4500
040 _cRUA
082 _aVEM SEA 2024 B1.330 Or.1
100 _aSEAB SEY , សៀប សី
245 _aCase of salminella spp. on pork at the market, in toul kork district, phnom penh , ករណី Salmonella Spp. លើសាច់ជ្រូកនៅផ្សារ ក្នុងខណ្ឌទួលគោក រាជធានីភ្នំពេញ
260 _aPHNOM PENH
_bRUA
_c2024
300 _aix,
_bill,
_c29cm,
856 _uhttps://drive.google.com/file/d/1XMqAZWYbhwn-iuwPL2fziAqOjnPjWGlx/view?usp=sharing
942 _cVEM
999 _c24740
_d24740